000
00293nam a22001217a 4500
008
181204b xxu||||| |||| 00| 0 eng d
041
_a
eng
080
_a
573
100
_a
11
101
_a
BIO
245
_a
The Movenment Of Molecules Across Cell Membranes
_c
Stein.m
942
_2
udc
_c
BK
999
_c
52788
_d
52788